000 00711nam a22002537a 4500
003 UA-OsUOA
001 20487
007 ta
008 20031031b un ||||| |||| 00| 0 ukr d
100 _aКорбюзье Ле
090 _a910.4(44)
_bК66
942 _cBK
040 _aUA-OsUOA
_brus
_cUA-OsUOA
_dUA-OsUOA
245 _aПутешествие на Восток
_cПер. М.В.Предтеченский, Кандидат технических наук
300 _a120 с.
_bІлюстрації
955 _a0
041 _arus
080 _a910.4(44)
020 _a5-274-01296-5
260 _aМосква
_bСтройиздат
_c1991
044 _aRU
650 7 _2UDC
999 _c306665
_d306665